| 000 | 01198nam a2200337Ic 4500 | ||
|---|---|---|---|
| 001 | 58924 | ||
| 003 | CO-BoRNBP | ||
| 005 | 20250829193419.0 | ||
| 007 | ta | ||
| 008 | 161213s2016 ck a g 000 0 spa | ||
| 020 | _a9789583053733 | ||
| 040 |
_aCO-BoRNBP _bspa _erda _cCO-BoRNBP |
||
| 041 | _aspa | ||
| 084 | _aC | ||
| 100 |
_aMorozumi, Atzuko _eaut _964409 |
||
| 245 | 1 | 3 |
_aUn gorila y las cosas que me gustan / _cAtsuko Morozumi ; edición y traducción Javier R. Mahecha López. |
| 250 | _aEdición especial | ||
| 264 | 1 |
_aBogotá, Colombia : _bPanamericana, _c2016 |
|
| 300 |
_a[26] páginas sin numerar : _bilustraciones a color |
||
| 336 |
_atexto _btxt _2rdacontent |
||
| 337 |
_asin mediación _bn _2rdamedia |
||
| 338 |
_avolumen _bnc _2rdacarrier |
||
| 490 | 0 | _aPlan Nacional de Lectura y Escritura Leer es mi Cuento. 2016 | |
| 521 | _aRecomendados para niños de 6 a 8 años | ||
| 650 | 0 | 4 |
_aCuentos infantiles japoneses _ySiglo XX _2LEMB |
| 650 | 0 | 7 |
_aGorilas en la literatura _2lemb _960889 |
| 650 | 0 | 7 |
_aLibros ilustrados para niños _2LEMB _92001 |
| 650 | 0 | 4 |
_aLiteratura infantil japonesa _ySiglo XX _2LEMB |
| 700 |
_aMahecha López, Javier R. _943002 |
||
| 942 |
_2loc _cBKINF |
||
| 999 |
_c58924 _d58924 |
||